| 000 | 01248njm a22003017a 4500 | ||
|---|---|---|---|
| 005 | 2010091403583.0 | ||
| 007 | sd ammalaaahaa | ||
| 008 | 100830t xxu||||| |||| 00| 0 eng d | ||
| 028 |
_aEMOE. 2400 _bOdeon |
||
| 035 | _aGR-02069 | ||
| 040 |
_aSED _cSED |
||
| 100 |
_aMangeshkar, Lata _919323 |
||
| 245 |
_aBairaag / _cby Lata Mangeshkar ...[et.al] ; music by Kalyanji Anandji ; Lyric by Anand Bakshi _h[sound recording]: |
||
| 246 | _aबैराग (लता मंगेशकर) | ||
| 260 |
_aDum Dum, India: _bOdeon _c1973 |
||
| 300 |
_a1 sound disc [GramphoneRecording]: _banalog, 45 rpm _c7 in.(SP) _fGramphones Records |
||
| 500 | _aBrief Record | ||
| 500 | _aOdeon | ||
| 500 | _ablack | ||
| 505 | _a Side1 Chhoti si umar mein lag gaya rog (छोटी सी उम्र में लग गया रोग), Side-2 Peete peete kabhi kabhi youn jaam (पीते पीते कभी कभी यौन जाम) | ||
| 650 |
_xExcerpts _zIndia _917446 _aMotion picture music _vfilmi song |
||
| 700 |
_aKalyanji Anandji _919469 |
||
| 700 |
_919523 _aBakshi, Anand |
||
| 700 | _919866 | ||
| 700 | _919867 | ||
| 942 |
_2ddc _cGR |
||
| 999 |
_c45622 _d45622 |
||